Loading...
Krishi arivukal
| Main Author: | |
|---|---|
| Format: | Printed Book |
| Language: | Undetermined |
| Published: |
Kottayam
Sahithya pravarthaka co-operative society
2009
|
| Subjects: |
| LEADER | 00532nam a2200157Ia 4500 | ||
|---|---|---|---|
| 008 | 140316s9999 xx 000 0 und d | ||
| 020 | |||
| 082 | |a 808.89 |b RAJ/KR | ||
| 100 | |a Rajasree,T S | ||
| 245 | |a Krishi arivukal | ||
| 260 | |a Kottayam |b Sahithya pravarthaka co-operative society |c 2009 | ||
| 300 | |a 40 | ||
| 650 | |a Children`s literature-science | ||
| 942 | |2 ddc |c BK | ||
| 999 | |c 11693 |d 11693 | ||
| 952 | |0 0 |1 0 |2 ddc |4 0 |6 808_890000000000000_RAJKR |7 0 |9 12904 |a KAUCLV |b KAUCLV |c GENERAL |d 2014-03-18 |o 808.89 RAJ/KR |p 220553 |r 2014-03-18 |w 2014-03-18 |y BK | ||